Raczej zginąć, niż zdradzić sprawę
| Titel: | Raczej zginąć, niż zdradzić sprawę : areszt śledczy Gestapo w al. Szucha 25 / Witold Żarnowski |
|---|---|
| Verfasser: | |
| Veröffentlicht: | Warszawa : IPN, 2014 |
| Umfang: | 168 S. : Ill. |
| Format: | Buch |
| Sprache: | Polnisch |
| ISBN: | 9788376296647 ; 9788362235599 |
| Hinweise zum Inhalt: |
Inhaltsverzeichnis
|
| Lokale Klassifikation: | 32 7 Nk ; 32 9 B 501 |
|---|
alg: 34977304 001A $03004:10-11-14 001B $01999:09-06-23 $t22:05:47.000 001C $03004:13-01-15 $t14:32:01.000 001D $03004:13-01-15 001U $0utf8 001X $00 002@ $0Aau 003@ $0349773041 004A $A978-83-7629-664-7 004A $A978-83-62235-59-9 006G $01244228397 006H $0TOCNEUA2212 $2DNB 006U $f20211026 007A $0349773041 $aHEB 007G $0DE020AC54A107F1239B40C1257DCF003D7005 009P $qapplication/pdf $A2 $3Inhaltsverzeichnis $uhttp://scans.hebis.de/HEBCGI/show.pl?34977304_toc.pdf $mV:DE-603;B:DE-Mb50 010@ $apol 011@ $a2014 021A $aRaczej zginąć, niż zdradzić sprawę $dareszt śledczy Gestapo w al. Szucha 25 $hWitold Żarnowski 028A $7 $8Żarnowski, Witold [Tn3] $938074192X 033A $pWarszawa $nIPN 034D $a168 S. 034M $aIll. 044K $RWarszawa $#Warschau $#Warszawa $#Warszowa $#Varšava $#Varsovia $#Varsavia $#Varšavaq $#Varsó $#Miasto Stołeczne Warszawa $#Varsovie $#Warsaw $#Varšava $#Varšuva $#Varssavi $74079048-4 $8Warschau [Tg1] $9085224332 044K $RPreußen $#Gestapo $#Deutsches Reich, Gestapo $#Geheime Staatspolizei $#Gestapo $#Berliner Politische Polizei $#Berlin, Politische Polizei $#Politische Polizei $#Deutsches Reich, Politische Polizei $72029665-4 $8Deutsches Reich$bGeheime Staatspolizei [Tb1] $9042822017 044K $RBesetzung $#Besatzungspolitik $74005975-3 $8Besatzungspolitik [Ts1] $9085007951 045F $a900.94380904 $eDDC23BSB 045F/01 $a900 045F/03 $f0904 045F/03 $g438 045G $a069.09438 $eDDC23BSB 045G/01 $a069 045G/03 $g438 045R $aGeschichte 1939-1945 lok: 34977304 24 101B $013-01-15 $t14:32:01.000 101C $013-01-15 101U $0utf8 145Z/01 $a32 7 Nk 145Z/02 $a32 9 B 501 exp: 34977304 24 1 #EPN 201B/01 $013-01-15 $t14:33:23.000 201C/01 $010-11-14 201U/01 $0utf8 203@/01 $0743804740 208@/01 $a13-01-15 $bz 209A/01 $a14.12422 $du $f050 $h14 12422 $x00 209C/01 $a14.12422 K $h14 12422 K 209G/01 $a73508835 $x00 220C/01 $awal 247C/01 $8358050-7Marburg, Bibliothek des Herder-Instituts Marburg $9102600961 lok: 34977304 78 exp: 34977304 78 1 #EPN 201B/01 $025-07-17 $t14:30:58.000 201C/01 $025-07-17 201U/01 $0utf8 203@/01 $01004955669 208@/01 $a25-07-17 $be 209A/01 $a/ $f000 $x00 209A/01 $ab*p $x01 220C/01 $apgar 244Z/01 $#Generalgouvernement Polen $#Polska $#Rzeczpospolita Polska $#Polska Rzeczpospolita Ludowa $#Poland $#Pologne $#République Polonaise $#Generalne Gubernatorstwo w Polsce $#Polish People's Republic $#Polska Rzeczpospolita Polen $#PRL $#RP $#Polen Generalgouvernement $#Polska Generalgouvernement $#Besetzte Polnische Gebiete $#Besetztes Gebiet in Polen $#Okupowane Polskie Obszary $#Obszary Okupowane w Polsce $#Volksrepublik Polen $#Polska Rosyjska $#Republic Polen $#Respublika Pol'ša $#Pol'skaja Narodnaja Respublika $#République de Pologne $#Polen Links der Weichsel $#Polska po Lewej Stronie Wisły $#Lenkija $#Polija $#Gubernija Carstva Pol'skago $#Republik Polen $74046496-9 $8--Tg1--Polen $x01 $9085129801 247C/01 $82080>Marburg/Lahn, Herder-Institut, Forschungsbibliothek, Bibliographieportal $9336309341
| LEADER | 00000cam a2200000 c 4500 | ||
|---|---|---|---|
| 001 | 349773041 | ||
| 003 | DE-603 | ||
| 005 | 20230609220547.0 | ||
| 007 | tu | ||
| 008 | 141110s2014 xx |||| | u00||u|pol | ||
| 016 | 7 | |2 DE-101 |a 1244228397 | |
| 020 | |a 9788376296647 | ||
| 020 | |a 9788362235599 | ||
| 035 | |a (DE-599)HEB349773041 | ||
| 040 | |a DE-603 |b ger |c DE-603 |d DE-603 | ||
| 041 | |a pol | ||
| 082 | 0 | 4 | |8 1\u |a 900.94380904 |q DE-101 |2 23/BSB |
| 083 | 0 | |8 2\u |a 069.09438 |q DE-101 |2 23/BSB | |
| 085 | |8 1\u |b 900 | ||
| 085 | |8 1\u |z 1 |s 0904 | ||
| 085 | |8 1\u |z 2 |s 438 | ||
| 085 | |8 2\u |b 069 | ||
| 085 | |8 2\u |z 2 |s 438 | ||
| 100 | 1 | |a Żarnowski, Witold |0 (DE-603)38074192X | |
| 245 | 0 | 0 | |a Raczej zginąć, niż zdradzić sprawę |b areszt śledczy Gestapo w al. Szucha 25 |c Witold Żarnowski |
| 264 | 1 | |a Warszawa |b IPN |c 2014 | |
| 300 | |a 168 S. |b Ill. | ||
| 610 | 1 | 7 | |a Deutsches Reich |b Geheime Staatspolizei |2 gnd |0 (DE-588)2029665-4 |0 (DE-603)042822017 |
| 648 | 7 | |a Geschichte 1939-1945 |2 gnd | |
| 650 | 7 | |a Besatzungspolitik |0 (DE-588)4005975-3 |0 (DE-603)085007951 |2 gnd | |
| 651 | 7 | |a Warschau |0 (DE-588)4079048-4 |0 (DE-603)085224332 |2 gnd | |
| 856 | 4 | 2 | |m V:DE-603;B:DE-Mb50 |q application/pdf |u http://scans.hebis.de/HEBCGI/show.pl?34977304_toc.pdf |3 Inhaltsverzeichnis |
| 924 | 0 | |9 Mb 50 |a (DE-603)743804740 |b DE-Mb50 |c HES |d c |g 14.12422 | |
| 924 | 0 | |9 2080 |a (DE-603)1004955669 |b DE-2080 |c HES |d d |g / | |


